000 00280 a2200133 4500
001 194892
040 _cMagnum
100 _aBAPTISTE, Jean
240 1 0 _aO Pinheiro de Natal
_lpor
245 1 0 _aO Pinheiro de Natal
300 _a6
697 _aLITERATURA INFANTIL
942 _cBK
999 _c194892
_d194892